Southville International School and Colleges
Your cart is empty.
  • Cart
  • Lists
    Public lists Eva Luna New books Lux_list list_1
    Your lists Log in to create your own lists
  • Log in to your account
  • Your cookies
  • Search history
Southville International School and Colleges
  • Advanced search
  • Recent comments
  • Most popular
  • Libraries

Log in to your account

Log in with GOOGLE


If you do not have an external account, but do have a local account, you can still log in:

  1. Home
  2. MARC view: Mosaic 2 :
Normal view MARC view ISBD view

Mosaic 2 : (Record no. 283782)

[ view plain ]
MARC details
000 -LEADER
fixed length control field 01004cam a2200265 a 4500
003 - CONTROL NUMBER IDENTIFIER
control field PILC
005 - DATE AND TIME OF LATEST TRANSACTION
control field 20150318135354.0
008 - FIXED-LENGTH DATA ELEMENTS--GENERAL INFORMATION
fixed length control field 131204s 000 0 eng d
020 ## - INTERNATIONAL STANDARD BOOK NUMBER
International Standard Book Number 0071251855
050 00 - LIBRARY OF CONGRESS CALL NUMBER
Classification number PE 1128
Item number .B5475 2005
100 1# - MAIN ENTRY--PERSONAL NAME
Personal name Blass, Laurie,
Dates associated with a name 1952-
245 10 - TITLE STATEMENT
Title Mosaic 2 :
Remainder of title writing /
Statement of responsibility, etc Laurie Blass, Meredith Pike-Baky.
246 #0 - VARYING FORM OF TITLE
Title proper/short title Mosaic two.
250 ## - EDITION STATEMENT
Edition statement 4th ed.
Remainder of edition statement International edition.
260 ## - PUBLICATION, DISTRIBUTION, ETC. (IMPRINT)
Place of publication, distribution, etc Philippines :
Name of publisher, distributor, etc McGraw-Hill Education (Asia),
Date of publication, distribution, etc c2005.
300 ## - PHYSICAL DESCRIPTION
Extent xi, 218 pages :
Other physical details illustrations ;
Dimensions 26 cm.
500 ## - GENERAL NOTE
General note Reprint. Originally published: New York : McGraw-Hill Contemporary, c2002.
500 ## - GENERAL NOTE
General note Previously published as: Mosaic two. 2nd ed. 1996.
650 #0 - SUBJECT ADDED ENTRY--TOPICAL TERM
Topical term or geographic name as entry element English language
General subdivision Textbooks for foreign speakers.
650 #0 - SUBJECT ADDED ENTRY--TOPICAL TERM
Topical term or geographic name as entry element English language
General subdivision Rhetoric
-- Problems, exercises, etc.
650 #0 - SUBJECT ADDED ENTRY--TOPICAL TERM
Topical term or geographic name as entry element Report writing
General subdivision Problems, exercises, etc.
700 1# - ADDED ENTRY--PERSONAL NAME
Personal name Pike-Baky, Meredith,
Dates associated with a name 1948-
700 1# - ADDED ENTRY--PERSONAL NAME
Personal name Blass, Laurie,
Dates associated with a name 1952-
Title of a work Mosaic two.
942 ## - ADDED ENTRY ELEMENTS (KOHA)
Source of classification or shelving scheme Library of Congress Classification
Koha item type Books
Holdings
Withdrawn status Lost status Source of classification or shelving scheme Damaged status Home library Current library Shelving location Date acquired Source of acquisition Sub Shelving location Total Checkouts Full call number Barcode Date last seen Price effective from Koha item type
    Library of Congress Classification   Southville International School Affiliated with Foreign Universities Library Southville International School Affiliated with Foreign Universities Library Southville Foreign University Section 03/18/2015 Library Fund     PE 1128 .B5475 2005 SFU1830 05/15/2018 03/18/2015 Books

Mosaic 2 :

APA

Blass L., Pike-Baky M. & Blass L. (2005). Mosaic 2. Philippines: McGraw-Hill Education (Asia).

Chicago

Blass Laurie, Pike-Baky Meredith and Blass Laurie. 2005. Mosaic 2. Philippines: McGraw-Hill Education (Asia).

Harvard

Blass L., Pike-Baky M. and Blass L. (2005). Mosaic 2. Philippines: McGraw-Hill Education (Asia).

MLA

Blass Laurie, Pike-Baky Meredith and Blass Laurie. Mosaic 2. Philippines: McGraw-Hill Education (Asia). 2005.

  • Place hold
  • Print
  • Cite
  • Add to your cart (remove)
  • Save record
    BIBTEX Dublin Core MARCXML MARC (non-Unicode/MARC-8) MARC (Unicode/UTF-8) MARC (Unicode/UTF-8, Standard) MODS (XML) RIS
  • More searches
    Search for this title in:
    Other Libraries (WorldCat) Other Databases (Google Scholar) Online Stores (Bookfinder.com) Open Library (openlibrary.org)

Exporting to Dublin Core...

SOUTHVILLE LIBRARY

Southville International School and Colleges Library

1281 Tropical Ave. Cor. Luxembourg St., BF Homes International, Las Pinas City

Tel. No. 8256374 / 252358 Loc. 117/146

Powered by Koha